| 000 | 00840nam a22002537a 4500 | ||
|---|---|---|---|
| 005 | 20170124105928.0 | ||
| 010 | _aA-371751 | ||
| 020 |
_c00 _a8171690157 |
||
| 035 | _aA-371751 | ||
| 037 | _bCen Lib/Ret | ||
| 040 |
_aDPL _bEN |
||
| 082 |
_a320.954 _bGUP |
||
| 245 |
_aConfrontational politics in india / _cedited by A.L. Gupta, R.C. Saini [and] R.K. Gupta |
||
| 260 |
_aCommonwealth Publishers _bNew Delhi _c1989 |
||
| 270 |
_bNew Delhi _a4378/4B, Gali-Murarilal, Ansari Road Dariya Ganj _e110002 |
||
| 300 |
_axv, 327p. _c20cm(Hb) |
||
| 500 | _aIncludes bibliographical references and index | ||
| 650 |
_aPolitical sciences _yIndia _97308 |
||
| 650 |
_aFederalism _9109708 |
||
| 700 |
_aGupta, A.L. _97311 |
||
| 700 |
_aSaini, R.C. _97312 |
||
| 700 |
_aGupta R.K. _97313 |
||
| 942 |
_2ddc _cEN _h320.954 _mGUP |
||
| 999 |
_c123634 _d123634 |
||